000 00775 a2200205 4500
001 60444
005 20260407155855.0
008 260407a1975 arg spa d
003 AR-UNSa-BCEJYS
040 _aAR-UNSa-BCEJYS
_bspa
_cAR-UNSa-BCEJYS
080 _a1(09)
_xHistoria de la Filosofía
245 1 0 _aLa filosofía en la historia de Occidente
_ppensamiento greco-latino
264 1 _aBuenos Aires :
_bAbaco
_c1975
300 _a2 v. (375 ; 322 p.)
_c23 cm.
505 _aVol. 1: Parte Primera: La etapa cosmológica – Parte segunda: La etapa antropológica – Vol. 2: Parte Tercera: La etapa ética – Parte Cuarta: La etapa teológica-mística -
041 _aspa
942 _cBK
590 _aniveau_biblio:m niveau_hierar:0
100 1 _aPérez, Jorge Osvaldo
999 _c6997
_d6997